000 00311 a2200109 4500
001 ART_7614
005 20260410161722.0
008 260409a
245 1 0 _aLa manipulación de la demanda
100 1 _aDi Tella, Guido
773 0 _tRevista de la integración
_g- Nº 11 (nov. 1972)
_wREV1815
999 _c17045
_d17045